Κατανεμημένα συστήματα με java

Αποθηκεύτηκε σε:
Λεπτομέρειες βιβλιογραφικής εγγραφής
Κύριος συγγραφέας: Κάβουρας, Γιάννης Κ., 1947-
Μορφή: Βιβλίο
Γλώσσα:Greek
Δημοσίευση: Αθήνα : Κλειδάριθμος, c2011.
Έκδοση:3η εκδ.
Θέματα:
Ετικέτες: Προσθήκη ετικέτας
Δεν υπάρχουν, Καταχωρήστε ετικέτα πρώτοι!

MARC

LEADER 00000cam a2200000 i 4500
001 1/62552
008 141223t2011 gr | ||| |||| ||gre||
020 |a 9789604614639  
035 |l 10120255 
040 |a GR-MyUA  |b gre  |e AACR2 
041 0 |a gre 
082 0 |a 005.44   |2 (22)  
100 1 |a Κάβουρας, Γιάννης Κ.,   |d 1947- 
245 1 0 |a Κατανεμημένα συστήματα με java /   |c Ι. Κ. Κάβουρας...[κ.ά.].  
250 |a 3η εκδ.  
260 |a Αθήνα :   |b Κλειδάριθμος,   |c c2011.  
300 |a 718 σ. :   |b σχέδια ;   |c 24 εκ. 
504 |a Βιβλιογραφία: σ. 689-690. Ευρετήριο.  
505 8 |a Τ. 3. Συστήματα υπολογιστών.  
650 0 0 |a Distributed operating systems (Computers) 
650 0 0 |a Java (Computer program language) 
740 0 2 |a Συστήματα υπολογιστών 
852 |a INST  |b SAMOS  |c EUDOXUS  |e 20141223  |h 005.44 ΚΑΤ  |p 005300041068  |q 005300041068  |t EDX  |y 0 
852 |a INST  |b SAMOS  |c EUDOXUS  |e 20151119  |h 005.44 ΚΑΤ  |p 005300043102  |q 005300043102  |t EDX  |y 23 
852 |a INST  |b SAMOS  |c EUDOXUS  |e 20151119  |h 005.44 ΚΑΤ  |p 005300043103  |q 005300043103  |t EDX  |y 0 
852 |a INST  |b SAMOS  |c EUDOXUS  |e 20151119  |h 005.44 ΚΑΤ  |p 005300043104  |q 005300043104  |t EDX  |y 0 
852 |a INST  |b SAMOS  |c EUDOXUS  |e 20151130  |h 005.44 ΚΑΤ  |p 005300043123  |q 005300043123  |t EDX  |y 0 
852 |a INST  |b SAMOS  |c EUDOXUS  |e 20151209  |h 005.44 ΚΑΤ  |p 005300043140  |q 005300043140  |t EDX  |y 0 
852 |a INST  |b SAMOS  |c EUDOXUS  |e 20160926  |h 005.44 ΚΑΤ  |p 005300043816  |q 005300043816  |t EDX  |y 0 
901 |a BIBL3-2014-3 
909 |a Σ  |b 185672 
920 |a ΕΥΔΟΞΟΣ  |b ΠΑΡΑΓΓΕΛΙΑ  |y Σάμος-ΤΜΠΕΣ  |z 2014-12 
920 |a Εύδοξος  |b Επιστροφή  |y Σάμος  |z 2015-11 
920 |a Εύδοξος  |b Επιστροφή  |y Σάμος  |z 2015-12 
920 |a Εύδοξος  |b Επιστροφή  |y Σάμος  |z 2016-09 
970 |a ΚΟΣΙΕΡΗΣ  |b ΧΡΗΣΤΟΣ  |z 2014/12/23